00726 2200265 4500001002100000005001700021008004100038020001800079035002500097040001200122082001200134084001800146090001800164100002700182245005400209250001100263260003300274300002700307500003100334650002900365850001200394990001800406990001800424990001800442INLIS00000000000251320150331125036.0  a979-007-278-3 a0010-031500000000047 aYOPDYOG a346.048 a346.048 Erm H a346.048 Erm H aERMANSJAH Djaja, 1955- aHukum hak kekayaan intelektualc/ Ermansjah Djaja aCet. 2 aJakartabSinar Grafikac2014 axiv, 588 hlm. ;c23 cm aBibliografi : hlm. 585-586 aHak kekayaan intelektual aYOPDYOG a10098-PD/B.15 a10099-PD/B.15 a10100-PD/B.15